Logo Biblioteca

Historia de América Latina / (Registro nro. 1062)

Detalles MARC
000 -LEADER
fixed length control field 01418aam a2200253 a 4500
003 - CONTROL NUMBER IDENTIFIER
control field AR-RoUNCS
005 - DATE AND TIME OF LATEST TRANSACTION
control field 20260625172938.0
007 - PHYSICAL DESCRIPTION FIXED FIELD--GENERAL INFORMATION
fixed length control field ta
008 - FIXED-LENGTH DATA ELEMENTS--GENERAL INFORMATION
fixed length control field 080430s1992 ag bd |r |00| 0 spa d
020 ## - INTERNATIONAL STANDARD BOOK NUMBER
International Standard Book Number 950-23-0124-2
040 ## - CATALOGING SOURCE
Original cataloging agency AR-RoUNCS
Language of cataloging spa
Transcribing agency AR-RoUNCS
041 1# - LANGUAGE CODE
Language code of text/sound track or separate title spa
Language code of original fre
100 1# - MAIN ENTRY--PERSONAL NAME
Personal name Chaunu, Pierre
Relator term autor
245 10 - TITLE STATEMENT
Title Historia de América Latina /
Statement of responsibility, etc. Pierre Chaunu.
250 ## - EDITION STATEMENT
Edition statement 13a ed.
260 ## - PUBLICATION, DISTRIBUTION, ETC.
Place of publication, distribution, etc. Buenos Aires :
Name of publisher, distributor, etc. Eudeba,
Date of publication, distribution, etc. 1992.
300 ## - PHYSICAL DESCRIPTION
Extent 132 p. :
Other physical details mapas, diagrs. ;
Dimensions 18 cm.
490 1# - SERIES STATEMENT
Series statement América
500 ## - GENERAL NOTE
General note Título original: Histoire de l'Amérique latine / traducida de la segunda edición actualizada, 1961, por Federico Monjardín.
505 0# - FORMATTED CONTENTS NOTE
Formatted contents note Introducción: Al encuentro de dos mundos -- Pte. 1: La América Latina colonial (1492-1808): I. El siglo de los conquistadores (1492-1550) -- II. La organización de la conquista -- III. Economías y sociedades -- Pte. 2: Hundimiento del sistema: independencia de América Latina: -- I. Las causas -- II. El derrumbe -- III. Panamá. Fracaso de Bolívar. Triunfo de la división -- Pte. 3: América Latina libre (?): de la colonización ibérica a la colonización estadounidense: I. Las dificultades políticas internas -- II. La influencia europea -- III. El tercer expoliador: el Tío Sam -- Conclusión -- Bibliografía.
650 #7 - SUBJECT ADDED ENTRY--TOPICAL TERM
Source of heading or term embne
Topical term or geographic name entry element América Latina
Form subdivision Historia
650 #7 - SUBJECT ADDED ENTRY--TOPICAL TERM
Source of heading or term embne
Topical term or geographic name entry element Colonización
942 ## - ADDED ENTRY ELEMENTS (KOHA)
Source of classification or shelving scheme Universal Decimal Classification
Koha item type Obra General
Suppress in OPAC No
Existencias
Withdrawn status Lost status Source of classification or shelving scheme Damaged status Not for loan Collection Home library Current library Date acquired Source of acquisition Total checkouts Full call number Barcode Date last seen Price effective from Koha item type
    Universal Decimal Classification     Colección General Biblioteca Escuela de Ciencias Sociales Biblioteca Escuela de Ciencias Sociales 25/06/2026 Donación 2026   94(7/8)"1492/1942" C498 001541 25/06/2026 25/06/2026 Obra General
Biblioteca de la Escuela Preuniversitaria en Ciencias Sociales y Humanísticas.
Riobamba 250 bis.
CP 2000 - Rosario - Santa Fe
E-Mail: biblioteca@esociales.unr.edu.ar